000 00632nam a2200229Ia 4500
003 OSt
005 20220925215315.0
006 a|||||r|||| 00| 0
007 ta
008 220923b |||||||| |||| 00| 0 eng d
037 _cGeneral Book
040 _aRTL
_cRTL
_beng
041 _2eng
_aeng
082 _aX:8, M7
100 _aDruoker Peter F
_9282547
245 0 _aFrontiers of management
_b Where tomorrow's decision
260 _aLondon
_bHeinemann UK
_c1987
300 _axi, 368p.
_ccm.
650 _aManagement
_930681
942 _hX:8, M7
_cGB
_2CC
999 _c568437
_d568437